01316 2200397 4500001002100000005001500021035002000036007000300056008004100059020001800100040002200118082001400140084001600154090001900170100002900189245019400218300004700412500001100459650001200470700002900482700002700511700003300538700002800571700003000599700002700629700003200656700002800688700002700716700003000743850001200773264004200785336002100827337003000848338002300878990001700901INLIS00000000089099620241021011740 a0010-1024000189ta241021s1999 xx a g 1 eng d a981-3018-27-5 aYOPDYOGbinderda04223a340.2 a340.2 BAR h aRQ 340.2 BAR h1 aBarlow, Colinepengarang14aThe human environment /cColin Barlow, Joep Bijlmer, Anne Booth, Carunia Firdausy, Dean Forbes, Joan Hardjono, Lewis Hill, Adrian Horridge, Graeme Hugo, Terry Hull; penyunting, Tan Boon Hui a152 halaman :bilustrasi berwarna ;c29 cm aIndeks 4aEkologi1 aBijlmer, Joepepengarang1 aBooth, Anneepengarang1 aFirdausy, Caruniaepengarang1 aForbes, Deanepengarang1 aHardjono, Joanepengarang1 aHill, Lewisepengarang1 aHorridge, Adrianepengarang1 aHugo, Graemeepengarang1 aHull, Terryepengarang1 aHui, Tan Boonepenyunting aYOPDYOG31aSingapura :bArchipelago Press,c1999 2rdacontentateks 2rdamediaatanpa perantara 2rdacarrieravolume a3579-PD/B.04